000
00265nmm a2200097Ia 4500
008
220120s9999||||xx |||||||||||||||||und||
020
_a
0-07-052929
100
_a
CHIP magazine
245
0
_a
Chi-Dec : Power tools pack, 160 and full applications, auto
260
_c
2011
999
_c
139711
_d
139711